| 000 | 00356nam a22001337a 4500 | ||
|---|---|---|---|
| 020 | _a0-471-06036-4 | ||
| 082 | _a621.406 BAL'T | ||
| 100 |
_aBALJE, O. E _975305 |
||
| 245 | _aTURBOMACHINES A GUIDE TO DESIGN SELECTION AND THEORY | ||
| 260 |
_aNEWYORK _bJOHN WILEY _c1981 |
||
| 300 | _a513P | ||
| 650 |
_aTURBOMACHINES HANDBOOK MANUAL _975306 |
||
| 942 | _cBK | ||
| 999 |
_c580748 _d580748 |
||